Catalog

Record Details

Catalog Search



Build it, win it!. Cover Image Book Book

Build it, win it!.

Summary:

A comprehensive, awesome and completely unauthorized guide to the game that has taken the world by storm: ROBLOX! Over 100 color pages of tips and tricks to help you become a Roblox master. This 100% unofficial guide to Roblox is jam-packed with hints, tips and info on the coolest and most popular custom games! If you want to become a great game maker yourself, look no farther - ROBLOX: Build It, Win It! has everything you need to know to take your game to the top of the charts!

Record details

  • ISBN: 9781338726787
  • ISBN: 1338726781
  • ISBN: 9781685059668
  • ISBN: 168505966X
  • Physical Description: 144 pages : color illustrations ; 23 cm
  • Edition: First edition.
  • Publisher: New York, NY : Scholastic Inc., 2022.

Content descriptions

General Note:
"The ultimate guide to Roblox." -- Back cover.
Formatted Contents Note:
Introduction -- Obby games -- Battle games -- Adventure games -- Tycoon games -- Role-playing games -- Making games -- Advanced game making -- Writing a script -- Quiz answers.
Subject: Roblox (Computing platform) > Juvenile literature.
Computer adventure games > Juvenile literature.
Video games > Juvenile literature.
Genre: Juvenile works.
Handbooks and manuals.

Available copies

  • 1 of 1 copy available at scottsboropl.

Holds

  • 0 current holds with 1 total copy.
Show Only Available Copies
Location Call Number / Copy Notes Barcode Shelving Location Status Due Date
scottsboropl J 794.85 Rob 32269001215501 Juvenile - NonFiction Available -

LDR 03120cam a2200649 i 4500
001161050
003SBPL
00520230609151603.0
008230310t20222022nyua j f 000 0 eng d
010 . ‡a 2022279046
020 . ‡a9781338726787 ‡q(paperback)
020 . ‡a1338726781 ‡q(paperback)
020 . ‡a9781685059668 ‡q(Penworthy)
020 . ‡a168505966X ‡q(Penworthy)
035 . ‡a(OCoLC)1255869821 ‡z(OCoLC)1154331662 ‡z(OCoLC)1246305157 ‡z(OCoLC)1281677503 ‡z(OCoLC)1294312332 ‡z(OCoLC)1305300056
05000. ‡aGV1469.35.R595 ‡bB85 2022
08204. ‡a794.85 ‡223
24500. ‡aBuild it, win it!.
2463 . ‡a100% unofficial Roblox build it, win it!
250 . ‡aFirst edition.
264 1. ‡aNew York, NY : ‡bScholastic Inc., ‡c2022.
300 . ‡a144 pages : ‡bcolor illustrations ; ‡c23 cm
336 . ‡atext ‡btxt ‡2rdacontent
336 . ‡astill image ‡bsti ‡2rdacontent
337 . ‡aunmediated ‡bn ‡2rdamedia
338 . ‡avolume ‡bnc ‡2rdacarrier
500 . ‡a"The ultimate guide to Roblox." -- Back cover.
50500. ‡tIntroduction -- ‡tObby games -- ‡tBattle games -- ‡tAdventure games -- ‡tTycoon games -- ‡tRole-playing games -- ‡tMaking games -- ‡tAdvanced game making -- ‡tWriting a script -- ‡tQuiz answers.
520 . ‡aA comprehensive, awesome and completely unauthorized guide to the game that has taken the world by storm: ROBLOX! Over 100 color pages of tips and tricks to help you become a Roblox master. This 100% unofficial guide to Roblox is jam-packed with hints, tips and info on the coolest and most popular custom games! If you want to become a great game maker yourself, look no farther - ROBLOX: Build It, Win It! has everything you need to know to take your game to the top of the charts!
650 0. ‡aRoblox (Computing platform) ‡vJuvenile literature.
650 0. ‡aComputer adventure games ‡vJuvenile literature.
650 0. ‡aVideo games ‡vJuvenile literature.
655 7. ‡aJuvenile works.
655 7. ‡aHandbooks and manuals. ‡2lcgft
901 . ‡a161050 ‡bAUTOGEN ‡c161050 ‡tbiblio

Additional Resources